Malé vodní a suché nádrže : TP 1.19 Technická pomůcka k činnosti autorizovaných osob /

Salvato in:
Dettagli Bibliografici
Autori principali: Doležal, Petr (Autore), Golík, Pavel (Autore), Říha, Jaromír (Autore), Torner, Václav (Autore), Žatecký, Stanislav (Autore)
Natura: Libro
Lingua:ceco
Pubblicazione: Praha : Informační centrum ČKAIT, 2011
Edizione:1. vydanie
Soggetti:
Tags: Aggiungi Tag
Nessun Tag, puoi essere il primo ad aggiungerne!!

MARC

LEADER 00000nam a22000003a 4500
001 0071965
003 SK-STU
005 20200120103344.6
007 ta
008 190226s ----xo-----e------000-0-----d
020 |a 978-80-86364-16-2 
040 |a STU  |b slo 
041 0 |a cze 
044 |a xr 
100 1 |a Doležal, Petr  |4 aut 
245 1 0 |a Malé vodní a suché nádrže :  |b TP 1.19 Technická pomůcka k činnosti autorizovaných osob /  |c aut. Petr Doležal, Pavel Golík, Jaromír Říha, Václav Torner, Stanislav Žatecký 
250 |a 1. vydanie 
260 |a Praha :  |b Informační centrum ČKAIT,  |c 2011 
300 |a 108 s. 
650 0 7 |a vodohospodárske stavby 
650 0 7 |a vodné nádrže 
650 0 7 |a hrádze 
700 1 |a Golík, Pavel  |4 aut 
700 1 |a Říha, Jaromír  |4 aut 
700 1 |a Torner, Václav  |4 aut 
700 1 |a Žatecký, Stanislav  |4 aut 
996 |b 284AU07934  |c A* 11194/U  |l AAKNAR  |s A  |a 24  |w 0071965_0001 
996 |b 284AU07935  |c A* 11195/U  |l AAKNAR  |s A  |a 24  |w 0071965_0002